| 000 | 00560cam a2200145 4500500 | ||
|---|---|---|---|
| 005 | 20260201142816.0 | ||
| 041 | _afre | ||
| 042 | _adc | ||
| 100 | 1 | 0 |
_aDiop Wane, Marie-Aïda _eauthor |
| 245 | 0 | 0 | _aKwesi Kwaa PRAH : The State of the Nation, The Centre for Advanced Studies of African Society (CASAS), Cape Town, 426 pages |
| 260 | _c2005. | ||
| 500 | _a60 | ||
| 786 | 0 | _nPrésence Africaine | 172 | 2 | 2005-06-01 | p. 199d-204d | 0032-7638 | |
| 856 | 4 | 1 | _uhttps://shs.cairn.info/revue-presence-africaine-2005-2-page-199d?lang=fr&redirect-ssocas=7080 |
| 999 |
_c1642843 _d1642843 |
||